000 00419nam a22001577a 4500
003 OSt
005 20240405171841.0
008 240328b |||||||| |||| 00| 0 eng d
020 _a9789391101268
041 _aHindi
100 _aकक्कड़ विपुल
245 _aसंख्या सिद्धांत
260 _aNew Delhi
_bEducreation Publishing
_c2021
300 _a231 p.
942 _2ddc
_cBK
999 _c26769
_d26769